000 00721nam a2200217 a 4500
001 000031087
005 20200930062709.0
008 110613s2008 dr ac 000 | spa d
020 _a9789945421477
040 _aDO-SdBNP
_bspa
_cBNPHU
082 _axxx
_bQ6t
245 0 1 _a¿Quién tiró la yipeta al mar Caribe? /
_cMaría Elena Ditrén... [et.al.] ; traducción de Arturo Peñaló.
260 _aSanto Domingo :
_bBacano Arte Contemporáneo,
_c2008.
300 _a125 p. :
_bil., retrs. ;
_c20 cm.
700 1 _aDitrén, María Elena
_957565
700 1 _aMiura, Iván
_957566
700 1 _aEscolar, Mercedes
_957567
700 1 _aVilorio, Limber
_957568
700 1 _aPeñaló, Arturo,
_etr.
_957569
049 _aBNPD
999 _c30579
_d30579